Matemáticas Financieras./ (Registro nro. 8692)

Detalles MARC
000 -LEADER
fixed length control field 01120nam a2200217Ia 4500
005 - FECHA Y HORA DE LA ÚLTIMA TRANSACCIÓN
control field 20241217091530.0
008 - FIXED-LENGTH DATA ELEMENTS--GENERAL INFORMATION
fixed length control field 230725s9999 xx 000 0 und d
020 ## - INTERNATIONAL STANDARD BOOK NUMBER
International Standard Book Number 970-10-2525-3
040 ## - CATALOGING SOURCE
Original cataloging agency UPAN
Transcribing agency Biblioteca San Vicente
Description conventions RCAA2
041 ## - LANGUAGE CODE
Language code of text/sound track or separate title spa
082 ## - DEWEY DECIMAL CLASSIFICATION NUMBER
Classification number 513.93
Item number D539m
año de publicación 1999
100 ## - MAIN ENTRY--PERSONAL NAME
Personal name Diaz Mata, Alfredo
Relator code aut.
245 #0 - TITLE STATEMENT
Title Matemáticas Financieras./
Statement of responsibility, etc Alfredo Diaz Mata
250 ## - EDITION STATEMENT
Edition statement 3ª ed.
260 ## - PUBLICATION, DISTRIBUTION, ETC. (IMPRINT)
Place of publication, distribution, etc Mexico:
Name of publisher, distributor, etc McGraw Hill,
Date of publication, distribution, etc 1999
300 ## - PHYSICAL DESCRIPTION
Extent 467 p.;
Dimensions 23 cm.
505 ## - FORMATTED CONTENTS NOTE
Formatted contents note Capítulo 1. Fundamentos. <br/>Capítulo 2. Interés Simple. <br/>Capítulo 3. Interés Compuesto. <br/>Capítulo 4. Anualidades Simples, Ciertas, Vencidas e Inmediatas. <br/>Capítulo 5. Anualidades Anticipadas. <br/>Capítulo 6. Anualidades Diferidas. <br/>Capítulo 7. El caso El Caso General de Anualidades. <br/>Capítulo 8. Amortización y Fondos de Amortización. <br/>Capítulo 9. Inversión en Bolsa de Valores. <br/>Capítulo 10. Depreciación. <br/>Capítulo 11. Probabilidades y Tablas de Mortalidad. <br/>Capítulo 12 Anualidades Contingentes.
650 ## - SUBJECT ADDED ENTRY--TOPICAL TERM
Source of heading or term LEMB
General subdivision Mtemáticas Financieras
700 ## - ADDED ENTRY--PERSONAL NAME
Personal name M Aguilera Gomez
942 ## - ADDED ENTRY ELEMENTS (KOHA)
Koha item type Libros
Source of classification or shelving scheme Dewey Decimal Classification
Existencias
Withdrawn status Lost status Source of classification or shelving scheme Damaged status Not for loan Collection code Home library Current library Date acquired Total Checkouts Full call number Barcode Date last seen Copy number Price effective from Koha item type
    Dewey Decimal Classification     Colección General Biblioteca UPAN San Vicente Biblioteca UPAN San Vicente 25/07/2023   513.93 D539m 12001486 25/07/2023 01 25/07/2023 Libros
    Dewey Decimal Classification     Colección General Biblioteca UPAN San Vicente Biblioteca UPAN San Vicente 08/08/2023   513.93 D539m 12001487 08/08/2023 02 08/08/2023 Libros
    Dewey Decimal Classification     Colección General Biblioteca UPAN San Vicente Biblioteca UPAN San Vicente 08/08/2023   513.93 D539m 12001488 08/08/2023 03 08/08/2023 Libros